| 000 | 00619nam a2200205 a 4500 | ||
|---|---|---|---|
| 005 | 20220819122505.0 | ||
| 008 | 011018s2000 r 000 0 eng d | ||
| 020 | _a8441510369 | ||
| 035 | _aUPN01000113264 | ||
| 049 | _aCG | ||
| 050 | 4 |
_aTR897.7 _bM8.2 |
|
| 100 | 1 | _aMurdock, Kelly L. | |
| 245 | 1 | 3 |
_aLa biblia de 3D Studio Max R3 / _cKelly L. Murdock. |
| 260 |
_aMadrid : _bAnaya Multimedia, _cc2000. |
||
| 300 |
_a1055 p. : + _e1 CD-ROM : son., col. ; 4 3/4 plg. |
||
| 440 | 3 | _aLa biblia | |
| 650 | 7 |
_aAnimación por computadora _2 _91049 |
|
| 650 | 4 |
_a3D STUDIO (PROGRAMA PARA COMPUTADORA) _9245 |
|
| 905 | _aLibro | ||
| 999 |
_c87172 _d87172 |
||